| 000 | 00643nam a2200205 u 4500 | ||
|---|---|---|---|
| 005 | 20251203064004.0 | ||
| 008 | 091215s1999 r 000 0 eng d | ||
| 020 | _a8481555010 | ||
| 035 | _aUPN01000174288 | ||
| 049 | _aCG | ||
| 050 | 4 |
_aLB1139.5 R4.3 _bQ5.4 |
|
| 100 | 1 | _aQuintanal Díaz, José | |
| 245 | 1 | 3 |
_aLa lectura de regazo, más que un derecho una necesidad / _cJosé Quintanal Díaz. |
| 260 |
_aMadrid : _bDykinson, _c1999. |
||
| 300 |
_a145 p. _bil. gráfs. |
||
| 650 | 4 |
_aLectura _xEstudio y enseñanza (Preescolar) _91526 |
|
| 650 | 2 |
_aHábitos de lectura _96074 |
|
| 650 | 4 |
_aIntereses en la lectura _94851 |
|
| 905 | _aLibro | ||
| 999 |
_c146392 _d146392 |
||